Statistics for Cities with the Most Surveillence Cameras per square mile

Click here to take the quiz!

General Stats

  • This quiz has been taken 23 times
  • The average score is 11 of 20

Answer Stats

Rank.Cameras (per sq. mile)City% Correct
21138.48London
90%
14193.72New York
90%
15181.49Beijing
86%
13210.01Moscow
76%
7408.49Shanghai
76%
11331.94Seoul
71%
8387.56Singapore
71%
4520.08Shenzhen
67%
19151.74Mexico City
62%
18157.43Mumbai
57%
11826.58New Delhi
57%
10339.01Wuhan
52%
12228.66Xiamen
52%
3609.92Chennai
38%
9353.85Changsha
24%
5472.66Wuxi
24%
6415.8Qingdao
19%
17165.63Suzhou
19%
20139.62Changchun
14%
16174.39Taiyuan
10%

Score Distribution

Percentile by Number Answered

Percent of People with Each Score

Your Score History

You have not taken this quiz